000 00425nam a22001337a 4500
008 230324b |||||||| |||| 00| 0 eng d
020 _a1871549051.
050 _aBX1753.S378 1987.
100 _aSchultheis, J. Michael
_952256
245 _aOur best kept secret;
_bthe rich heritage of catholic social teaching.
_cMicheal J.Schultheis.
260 _aLondon:
_bCAFOD.
_c1987.
300 _a75P;
_c24CM.
942 _2lcc
_cMONOGRAPH
999 _c131702
_d131702